Beskydy : [soubor fotografií] /

Hlavní autor: Krasl, František, 1912-1998
Další autoři: Malý, Zbyšek, 1938-2000
Jazyk: Čeština
Vydáno: Frýdek-Místek : L. Bílek, 1999
Témata:
Fyzický popis: 47 s. : bar. obr. ; 26 cm
Language note: Německé a anglické resumé
Knihy
Uloženo v:
LEADER 01221nam a2200337 a 4500
001 000421577
003 CZ BrMZK
005 20201216115207.0
007 ta
008 010907s1999 xr e 0 cze d
015 |a cnb000700013 
020 |a 80-238-4144-0 
035 |a (OCoLC)42975604 
040 |a BOA001  |b cze 
041 0 |a cze  |b eng  |b ger 
043 |a e-xr---  |b e-xr-mr  |a e-xo---  |2 czenas 
072 7 |a 908(437)  |x Vlastivěda Česka a Slovenska  |2 Konspekt  |9 8 
080 |a 908(437.32-18)  |2 MRF 
080 |a (084.12)  |2 MRF 
100 1 |a Krasl, František,  |d 1912-1998  |7 jk01062906  |4 pht 
245 1 0 |a Beskydy :  |b [soubor fotografií] /  |c František Krasl ; [texty Karel Šer] 
260 |a Frýdek-Místek :  |b L. Bílek,  |c 1999 
300 |a 47 s. :  |b bar. obr. ;  |c 26 cm 
546 |a Německé a anglické resumé 
651 7 |a Moravskoslezské Beskydy (Česko a Slovensko : pohoří : oblast)  |7 ge1055957  |x vlastivěda  |2 czenas 
655 7 |a fotografické publikace  |7 fd132276  |2 czenas 
700 1 |a Malý, Zbyšek,  |d 1938-2000  |7 jo20000074123  |4 aut 
910 |a BOA001  |b 3-1060.082 
990 |a BK 
991 |b 200707 
996 6 |b 2610093947  |c 3-1060.082  |l MZK  |r Sklad / do 1 hodiny  |n 6  |p p.v.  |w 000421577  |u 000010  |a 1  |e BOA001  |j MZK50  |s P